| 000 | 00810nam a2200277Ia 4500 | ||
|---|---|---|---|
| 003 | OSt | ||
| 005 | 20221006144137.0 | ||
| 006 | a|||||r|||| 00| 0 | ||
| 007 | ta | ||
| 008 | 221006b |||||||| |||| 00| 0 eng d | ||
| 020 |
_a0231074263 _c1609.00 |
||
| 024 | _a10,984 | ||
| 037 | _cTextual | ||
| 040 |
_aEASL _cEASL _beng |
||
| 041 |
_2eng _aeng |
||
| 082 | _aQ8412, N1 | ||
| 100 |
_aDE BARY Wm. Theodore _9109482 |
||
| 245 | 0 |
_aLearning for one's self _b Essays on the individual in Neo-Confucian thought |
|
| 260 |
_aNew York _bColumbia University Press _c1991 |
||
| 300 |
_axiii, 461p. _ccm. |
||
| 490 |
_v Gen _aNeo-Confucian Studies |
||
| 650 | _a Gen | ||
| 650 |
_aNeo-Confucianism _9648959 |
||
| 942 |
_hQ8412, N1 _cTEXL _2CC |
||
| 999 |
_c1079070 _d1079070 |
||